00293nam a2200121Ia 4500082001600000245003200016260003200048300001800080504000900098650002700107700001800134700001900152 aRR 903 DIC; 0aDictionary of World History aLondonbThomas Nelsonc1973 axxvii, 1720p. aref. aHistory - Dictionaries aHowat, G.M.D. aTaylor, A.J.P.